विश्व इतिहास ज्ञान कोशः (Record no. 14451)

MARC details
000 -LEADER
fixed length control field 01146nam a22002417a 4500
005 - DATE AND TIME OF LATEST TRANSACTION
control field 20080714152944.0
008 - FIXED-LENGTH DATA ELEMENTS--GENERAL INFORMATION
fixed length control field 080714t xxu||||| |||| 00| 0 hin d
010 ## - LIBRARY OF CONGRESS CONTROL NUMBER
LC control number HIN-83841
020 ## - INTERNATIONAL STANDARD BOOK NUMBER
Terms of availability 200.00
International Standard Book Number 8188526096
035 ## - SYSTEM CONTROL NUMBER
System control number HN-56187
037 ## - SOURCE OF ACQUISITION
Source of stock number/acquisition DBAD / PUB
040 ## - CATALOGING SOURCE
Original cataloging agency DPL
Language of cataloging HN
082 ## - DEWEY DECIMAL CLASSIFICATION NUMBER
Classification number 909
245 ## - TITLE STATEMENT
Title विश्व इतिहास ज्ञान कोशः
Statement of responsibility, etc उषा दत्त द्वारा संपादित
Remainder of title (प्रश्नोत्तर) /
246 ## - VARYING FORM OF TITLE
Title proper/short title Vishva itihas gyan kosh
Remainder of title edited by Usha Dutt
260 ## - PUBLICATION, DISTRIBUTION, ETC. (IMPRINT)
Place of publication, distribution, etc दिल्ली
Name of publisher, distributor, etc महानंदा प्रकाशन
Date of publication, distribution, etc 2007
270 ## - ADDRESS
Address ए-1032, नई सब्जी मंडी, आजादपुर
City दिल्ली
Postal code 110033
300 ## - PHYSICAL DESCRIPTION
Extent 175पृ
Dimensions 22सेमी(सजिल्द)
650 ## - SUBJECT ADDED ENTRY--TOPICAL TERM
Topical term or geographic name as entry element World History
700 ## - ADDED ENTRY--PERSONAL NAME
Personal name दत्त, उषा
942 ## - ADDED ENTRY ELEMENTS (KOHA)
Source of classification or shelving scheme Dewey Decimal Classification
Koha item type Hindi Books
Classification part 909
Call number suffix विश्वइ
Holdings
Withdrawn status Lost status Damaged status Not for loan Collection code Home library Current library Date acquired Source of acquisition Cost, normal purchase price Total Checkouts Full call number Barcode Date last seen Copy number Cost, replacement price Price effective from Koha item type
      Not For Loan Non-fiction D.B.Act.Division D.B.Act.Division 14/07/2008 पु.प्र.अ.प्र /प्रका 200.00   909 विश्वइ HN-56187 15/09/2008 1 200.00 15/09/2008 Hindi Books

© Delhi Public Library
Hit Counter
free hit counter